[Event "48. Torneo Villa de Mislata"]
[Site "Mislata ESP"]
[Date "2014.08.15"]
[Round "7.11"]
[White "Mingarro Carceller, Sergi"]
[Black "Romero Calduch, Sergio"]
[Result "1-0"]
[WhiteElo "2233"]
[BlackElo "2104"]
[PlyCount "80"]
[EventDate "2014.08.11"]
[EventType "swiss"]
[EventRounds "9"]
[EventCountry "ESP"]
[Source "lmi"]
[SourceDate "2014.08.11"]

1. d4 Nf6 2. c4 e6 3. g3 d5 4. Nf3 dxc4 5. Bg2 c5 6. O-O Nc6 7. Ne5 Bd7 8. Na3
cxd4 9. Naxc4 Bc5 10. Qb3 O-O 11. Bf4 Na5 12. Nxa5 Qxa5 13. Bxb7 Rad8 14. Nc4
Qb4 15. Qxb4 Bxb4 16. Bc7 Rde8 17. a3 Be7 18. Rfd1 d3 19. Rxd3 Bb5 20. Rc3 Bxc4
21. Rxc4 Nd5 22. Bxd5 exd5 23. Rc2 Rc8 24. Rac1 Bf6 25. Bd6 Rxc2 26. Rxc2 Rd8
27. Bc5 Rc8 28. b4 Be7 29. Kg2 Bxc5 30. Kf3 Kf8 31. Rxc5 Rxc5 32. bxc5 Ke7 33.
Ke3 Kd7 34. Kd4 Kc6 35. a4 h5 36. f3 g6 37. e4 dxe4 38. fxe4 f6 39. Kc4 f5 40.
exf5 gxf5 1-0

[Event "48. Torneo Villa de Mislata"]
[Site "Mislata ESP"]
[Date "2014.08.15"]
[Round "7.12"]
[White "Gimenez Menchon, Cesar"]
[Black "Cabero Feliciano, Guillermo"]
[Result "1/2-1/2"]
[WhiteElo "2132"]
[BlackElo "2090"]
[PlyCount "105"]
[EventDate "2014.08.11"]
[EventType "swiss"]
[EventRounds "9"]
[EventCountry "ESP"]
[Source "lmi"]
[SourceDate "2014.08.11"]

1. e4 e5 2. Nf3 Nc6 3. Bb5 a6 4. Ba4 Nf6 5. d3 b5 6. Bb3 Be7 7. O-O d6 8. c3
O-O 9. Re1 Nb8 10. Nbd2 Nbd7 11. Nf1 h6 12. Ng3 Re8 13. a4 Bb7 14. axb5 axb5
15. Rxa8 Qxa8 16. Nf5 Bf8 17. N3h4 d5 18. Qf3 Nc5 19. Qg3 Kh7 20. Bc2 dxe4 21.
d4 exd4 22. Qxc7 Bd5 23. Nxd4 Qb8 24. Qxb8 Rxb8 25. f3 g6 26. fxe4 Ncxe4 27.
Nhf3 b4 28. c4 Bb7 29. Nb5 Bc5+ 30. Be3 Bxe3+ 31. Rxe3 Ra8 32. g4 Ra1+ 33. Re1
Rxe1+ 34. Nxe1 Nxg4 35. Bxe4 Bxe4 36. Nd6 f5 37. Nxe4 fxe4 38. Nc2 b3 39. Nd4
Kg7 40. Nxb3 Kf6 41. h3 Ne5 42. Na5 Nd3 43. b3 Ke5 44. Nc6+ Kd6 45. Nd4 Kc5 46.
Ne6+ Kb4 47. c5 Nxc5 48. Nxc5 Kxc5 49. Kf2 Kd5 50. Ke3 g5 51. b4 h5 52. b5 g4
53. hxg4 1/2-1/2

[Event "48. Torneo Villa de Mislata"]
[Site "Mislata ESP"]
[Date "2014.08.15"]
[Round "7.13"]
[White "Castella Garcia, Fausto"]
[Black "Gonzalvez Perales, Jose Luis"]
[Result "1-0"]
[WhiteElo "2335"]
[BlackElo "2012"]
[PlyCount "44"]
[EventDate "2014.08.11"]
[EventType "swiss"]
[EventRounds "9"]
[EventCountry "ESP"]
[Source "lmi"]
[SourceDate "2014.08.11"]

1. e4 c6 2. d4 d5 3. e5 c5 4. Nf3 Bg4 5. c4 cxd4 6. e6 Bxe6 7. Nxd4 Nc6 8. Nxe6
fxe6 9. g3 Nf6 10. Bg2 g6 11. O-O Bg7 12. cxd5 Nxd5 13. Nd2 O-O 14. Ne4 Qb6 15.
Ng5 Nd4 16. Re1 Nb4 17. Be4 Ndc2 18. Be3 Nxe3 19. Rxe3 Bd4 20. Re2 Rxf2 21.
Rxf2 Rf8 22. h4 Rxf2 1-0

[Event "48. Torneo Villa de Mislata"]
[Site "Mislata ESP"]
[Date "2014.08.15"]
[Round "7.14"]
[White "Gonzalez Aguirre, Luis"]
[Black "Garrido Olivares, Ricard"]
[Result "1-0"]
[WhiteElo "2118"]
[BlackElo "2228"]
[PlyCount "105"]
[EventDate "2014.08.11"]
[EventType "swiss"]
[EventRounds "9"]
[EventCountry "ESP"]
[Source "lmi"]
[SourceDate "2014.08.11"]

1. c4 e6 2. Nc3 d5 3. d4 c5 4. cxd5 exd5 5. Nf3 Nc6 6. Bg5 Be7 7. Bxe7 Ngxe7 8.
dxc5 Qa5 9. e3 Qxc5 10. Be2 O-O 11. O-O Rd8 12. Rc1 Bg4 13. Nd4 Bxe2 14. Qxe2
Qa5 15. Nb3 Qb4 16. Rfd1 a6 17. Rd2 Rd6 18. Rcd1 Rad8 19. Nd4 Ne5 20. Rc2 h6
21. h3 Nd7 22. Nf3 Nf6 23. Qd3 Nc6 24. Ne2 Qe4 25. a3 Qe7 26. Ned4 Nxd4 27.
Nxd4 R6d7 28. Qf5 Ne4 29. Rdc1 g6 30. Qf4 Kh7 31. Nf3 Qe6 32. Rc8 Rxc8 33. Rxc8
Nd6 34. Rc1 Kg7 35. Ne5 Re7 36. Ng4 g5 37. Qd4+ f6 38. Rc5 h5 39. Nh2 Nc4 40.
Rxd5 Nxb2 41. Rxg5+ Kh6 42. Rg3 Qe5 43. Qd8 Re8 44. Qd7 Re7 45. Qc8 f5 46. Nf3
Qf6 47. Nd4 Rf7 48. Kh2 f4 49. Rf3 Qb6 50. Nf5+ Kg5 51. h4+ Kf6 52. Rxf4 Ke5
53. Rb4 1-0

[Event "48. Torneo Villa de Mislata"]
[Site "Mislata ESP"]
[Date "2014.08.15"]
[Round "7.15"]
[White "Nieves Cabanes, Jose Manuel"]
[Black "Garcia Martin, Marta"]
[Result "1/2-1/2"]
[WhiteElo "2091"]
[BlackElo "1929"]
[PlyCount "49"]
[EventDate "2014.08.11"]
[EventType "swiss"]
[EventRounds "9"]
[EventCountry "ESP"]
[Source "lmi"]
[SourceDate "2014.08.11"]

1. d4 Nf6 2. c4 e6 3. Nf3 b6 4. a3 Bb7 5. Nc3 d5 6. Bg5 Be7 7. e3 O-O 8. cxd5
exd5 9. Bd3 Nbd7 10. O-O c5 11. Rc1 h6 12. Bh4 Ne4 13. Bxe7 Qxe7 14. Qe2 a6 15.
dxc5 Ndxc5 16. Nd4 Nxd3 17. Qxd3 Rfd8 18. Rc2 Qf6 19. Rfc1 Rac8 20. Qe2 Nd6 21.
Qd3 b5 22. b4 Rc4 23. Nd1 Rxc2 24. Rxc2 Nc4 25. Qb3 1/2-1/2

[Event "48. Torneo Villa de Mislata"]
[Site "Mislata ESP"]
[Date "2014.08.15"]
[Round "7.16"]
[White "Calvo Alfonso, Vicente"]
[Black "Gomez Sanjuan, Hector Fernando"]
[Result "1-0"]
[WhiteElo "2151"]
[BlackElo "1812"]
[PlyCount "75"]
[EventDate "2014.08.11"]
[EventType "swiss"]
[EventRounds "9"]
[EventCountry "ESP"]
[Source "lmi"]
[SourceDate "2014.08.11"]

1. d4 Nf6 2. c4 e6 3. Nc3 c5 4. d5 exd5 5. cxd5 d6 6. Nf3 g6 7. Nd2 Bg7 8. Nc4
O-O 9. Bf4 Ne8 10. Qd2 a6 11. a4 f5 12. e3 Qc7 13. Be2 Nd7 14. a5 b5 15. axb6
Nxb6 16. Na5 Bb7 17. Bf3 Kh8 18. O-O Be5 19. Rfd1 Bxf4 20. exf4 Nf6 21. Rac1
Rae8 22. b4 Nbd7 23. Na4 Ne4 24. Bxe4 Rxe4 25. f3 Ree8 26. Nxb7 Qxb7 27. bxc5
Nxc5 28. Nxc5 dxc5 29. Rxc5 Qb6 30. Qd4+ Kg8 31. d6 Rc8 32. Rc7 Qxd4+ 33. Rxd4
Rfd8 34. Rd5 Ra8 35. d7 a5 36. Rdc5 Kf7 37. Rc8 Ke7 38. Rxa8 1-0

[Event "48. Torneo Villa de Mislata"]
[Site "Mislata ESP"]
[Date "2014.08.15"]
[Round "7.17"]
[White "Marquinez Cabrejas, Francisco"]
[Black "Diaz Benitez, Ricardo"]
[Result "1-0"]
[WhiteElo "1993"]
[BlackElo "2008"]
[PlyCount "33"]
[EventDate "2014.08.11"]
[EventType "swiss"]
[EventRounds "9"]
[EventCountry "ESP"]
[Source "lmi"]
[SourceDate "2014.08.11"]

1. Nf3 c5 2. c4 Nc6 3. g3 g6 4. Bg2 Bg7 5. O-O e6 6. e3 Nge7 7. Nc3 O-O 8. d4
cxd4 9. exd4 d5 10. c5 b6 11. Na4 Ba6 12. Re1 Nf5 13. Be3 Nb4 14. Bf1 Bxf1 15.
Rxf1 Nc6 16. a3 Qf6 17. Bg5 1-0

[Event "48. Torneo Villa de Mislata"]
[Site "Mislata ESP"]
[Date "2014.08.16"]
[Round "8.1"]
[White "Garriga Cazorla, Pere"]
[Black "Antoli Royo, Joaquin Miguel"]
[Result "0-1"]
[WhiteElo "2196"]
[BlackElo "2428"]
[PlyCount "68"]
[EventDate "2014.08.11"]
[EventType "swiss"]
[EventRounds "9"]
[EventCountry "ESP"]
[Source "lmi"]
[SourceDate "2014.08.11"]

1. d4 Nf6 2. c4 g6 3. f3 c5 4. d5 e6 5. e4 exd5 6. cxd5 d6 7. Ne2 Bg7 8. Nec3
a6 9. a4 Nh5 10. Be3 f5 11. exf5 gxf5 12. f4 Qh4+ 13. Bf2 Qe7+ 14. Qe2 Nxf4 15.
Qxe7+ Kxe7 16. g3 Ng6 17. Nd2 Nd7 18. Be2 Nde5 19. O-O h5 20. Rab1 Bd7 21. Rfe1
Rac8 22. Kg2 h4 23. a5 Bf6 24. Nf3 Rcg8 25. Nxe5 Bxe5 26. Kf3 hxg3 27. hxg3 f4
28. Rh1 fxg3 29. Bxg3 Rf8+ 30. Kg2 Nf4+ 31. Bxf4 Rhg8+ 32. Kf2 Rxf4+ 33. Ke1
Rb4 34. Kd2 Bf5 0-1

[Event "48. Torneo Villa de Mislata"]
[Site "Mislata ESP"]
[Date "2014.08.16"]
[Round "8.2"]
[White "Nieves Cabanes, Javier"]
[Black "Lopez Mulet, Inigo"]
[Result "1/2-1/2"]
[WhiteElo "2074"]
[BlackElo "2193"]
[PlyCount "97"]
[EventDate "2014.08.11"]
[EventType "swiss"]
[EventRounds "9"]
[EventCountry "ESP"]
[Source "lmi"]
[SourceDate "2014.08.11"]

1. d4 Nf6 2. c4 c5 3. d5 b5 4. Nf3 b4 5. a3 e6 6. Bg5 h6 7. Bh4 g5 8. Bg3 exd5
9. axb4 cxb4 10. cxd5 Bg7 11. Qd4 O-O 12. Qxb4 Nxd5 13. Qb3 Nb6 14. e3 d5 15.
Bb5 a6 16. Be2 Nc6 17. O-O Be6 18. Qc2 Nc4 19. Nc3 Rc8 20. Rfd1 Nb4 21. Qb3
Nxb2 22. Qxb2 Bxc3 23. Qb3 Bxa1 24. Rxa1 a5 25. Nd4 Ra8 26. Bb5 Qb6 27. Qd1 Bc8
28. Qh5 Qf6 29. Ba4 Ba6 30. Rd1 Bd3 31. h4 Qg6 32. Qf3 Be4 33. Qg4 f5 34. Qh3
Rf7 35. Be5 Nd3 36. Nc6 g4 37. Qg3 Nc5 38. Bb5 Kh7 39. Bd4 Nd7 40. Ne5 Nxe5 41.
Qxe5 Rg8 42. Be8 a4 43. Bxf7 Qxf7 44. Rc1 Re8 45. Qd6 Re6 46. Qb8 Re8 47. Qd6
Re6 48. Qd8 Re8 49. Qd6 1/2-1/2

[Event "48. Torneo Villa de Mislata"]
[Site "Mislata ESP"]
[Date "2014.08.16"]
[Round "8.3"]
[White "Pena Riasco, Alexander"]
[Black "Carrascoso Morales, Abel"]
[Result "1-0"]
[WhiteElo "2242"]
[BlackElo "2342"]
[PlyCount "107"]
[EventDate "2014.08.11"]
[EventType "swiss"]
[EventRounds "9"]
[EventCountry "ESP"]
[Source "lmi"]
[SourceDate "2014.08.11"]

1. e4 c5 2. Nf3 d6 3. d4 cxd4 4. Nxd4 Nf6 5. Nc3 g6 6. Be3 Bg7 7. f3 Nc6 8. Qd2
O-O 9. Bc4 Nd7 10. O-O-O Nb6 11. Bb3 Na5 12. Qe2 Bd7 13. Kb1 Rc8 14. h4 Nbc4
15. Bc1 e5 16. Ndb5 Qb6 17. a4 Be6 18. Bxc4 Nxc4 19. Nd5 Bxd5 20. Rxd5 a6 21.
a5 Qd8 22. Nxd6 Nxd6 23. Rhd1 Rc6 24. Qd3 Qxh4 25. Rxd6 Rxd6 26. Qxd6 Qg3 27.
Qd2 Qh2 28. Qf2 Bf6 29. Qb6 Kg7 30. Qxb7 Qxg2 31. Qxa6 h5 32. Qf1 Qxf1 33. Rxf1
Ra8 34. b4 Be7 35. c3 f5 36. exf5 gxf5 37. Be3 f4 38. Bb6 Kf6 39. Kc2 h4 40.
Kd3 Kf5 41. b5 h3 42. a6 e4+ 43. fxe4+ Kg4 44. a7 h2 45. Bd4 Rd8 46. Kc2 Kh3
47. b6 Bh4 48. b7 Kg2 49. Rb1 f3 50. b8=Q f2 51. Qxd8 Bxd8 52. a8=Q f1=Q 53.
Rxf1 Kxf1 54. e5 1-0

[Event "48. Torneo Villa de Mislata"]
[Site "Mislata ESP"]
[Date "2014.08.16"]
[Round "8.4"]
[White "Laliena Solanes, Luis"]
[Black "Aymerich Rosell, Pablo"]
[Result "1/2-1/2"]
[WhiteElo "2139"]
[BlackElo "2125"]
[PlyCount "28"]
[EventDate "2014.08.11"]
[EventType "swiss"]
[EventRounds "9"]
[EventCountry "ESP"]
[Source "lmi"]
[SourceDate "2014.08.11"]

1. e4 e6 2. d3 d5 3. Qe2 c5 4. Nf3 Nc6 5. g3 g6 6. Bg2 Bg7 7. O-O Nge7 8. e5
O-O 9. c3 a5 10. a4 b6 11. Na3 Ba6 12. Re1 h6 13. h4 Ra7 14. Bf4 Qc7 1/2-1/2

[Event "48. Torneo Villa de Mislata"]
[Site "Mislata ESP"]
[Date "2014.08.16"]
[Round "8.5"]
[White "Ramiro Ovejero, Juan Luis"]
[Black "Alonso Moyano, Jonathan"]
[Result "1/2-1/2"]
[WhiteElo "2364"]
[BlackElo "2408"]
[PlyCount "111"]
[EventDate "2014.08.11"]
[EventType "swiss"]
[EventRounds "9"]
[EventCountry "ESP"]
[Source "lmi"]
[SourceDate "2014.08.11"]

1. e4 d5 2. exd5 Qxd5 3. Nc3 Qd8 4. d4 g6 5. Nf3 Bg7 6. Bc4 Nh6 7. h3 Nf5 8.
Ne2 O-O 9. c3 Nd7 10. O-O c5 11. Bf4 cxd4 12. Nexd4 Nxd4 13. cxd4 Nb6 14. Bb3
Nd5 15. Be5 b6 16. Bxg7 Kxg7 17. Re1 Bb7 18. Qe2 e6 19. Rac1 Nf4 20. Qe5+ Qf6
21. Qxf6+ Kxf6 22. Re3 Rac8 23. Rd1 Rfd8 24. Kh2 Ke7 25. Kg3 Nd5 26. Re2 Rc7
27. a3 Rdc8 28. h4 h6 29. Ne5 g5 30. Bxd5 Bxd5 31. hxg5 hxg5 32. Rh1 Kd6 33.
Rh7 Rf8 34. f3 f6 35. Rxc7 Kxc7 36. Ng4 Kd6 37. Re1 Rf7 38. Rh1 Bb3 39. Rh6 Kd5
40. Nxf6+ Kxd4 41. Ne4 Kd3 42. Nxg5 Rg7 43. Kf4 Kc2 44. g4 e5+ 45. Kf5 Kxb2 46.
Kf6 Rg8 47. Rh7 a5 48. Rb7 Kxa3 49. Rxb6 a4 50. Ne4 Rf8+ 51. Kxe5 Rxf3 52. g5
Rf1 53. Nd2 Rg1 54. Nxb3 axb3 55. g6 b2 56. Kf6 1/2-1/2

[Event "48. Torneo Villa de Mislata"]
[Site "Mislata ESP"]
[Date "2014.08.16"]
[Round "8.6"]
[White "Fernandez Ayuso, Sergio"]
[Black "Perez Manas, Benjamin"]
[Result "0-1"]
[WhiteElo "2084"]
[BlackElo "2290"]
[PlyCount "114"]
[EventDate "2014.08.11"]
[EventType "swiss"]
[EventRounds "9"]
[EventCountry "ESP"]
[Source "lmi"]
[SourceDate "2014.08.11"]

1. d4 d5 2. Nf3 Nc6 3. Bf4 Bg4 4. e3 e6 5. h3 Bxf3 6. Qxf3 Bd6 7. Bb5 Nge7 8.
c3 O-O 9. O-O e5 10. dxe5 Nxe5 11. Bxe5 Bxe5 12. Nd2 Qd6 13. Rfd1 Qb6 14. Bd3
g6 15. Rab1 Rad8 16. e4 d4 17. Nc4 Qe6 18. Nxe5 Qxe5 19. cxd4 Rxd4 20. Bc2 Nc6
21. Qe3 Rfd8 22. Rxd4 Rxd4 23. Qc3 Qd6 24. Rf1 Qb4 25. Rd1 Rxd1+ 26. Bxd1 Qxe4
27. Bf3 Qb1+ 28. Kh2 Qxa2 29. Bxc6 bxc6 30. Qf6 Qd5 31. g3 h5 32. Qc3 a5 33. h4
a4 34. Kg1 c5 35. Kf1 Qd4 36. Qc2 a3 37. bxa3 Qa1+ 38. Ke2 Qxa3 39. Qd2 Qa6+
40. Kf3 Qc6+ 41. Ke3 Qe6+ 42. Kf3 c6 43. Qd8+ Kg7 44. Qb6 Qg4+ 45. Ke3 Qd4+ 46.
Kf3 Qd3+ 47. Kf4 Qd6+ 48. Ke3 c4 49. Qb2+ Qf6 50. Qa3 Qe5+ 51. Kd2 Qd4+ 52. Ke2
Qd3+ 53. Qxd3 cxd3+ 54. Kxd3 Kf6 55. Kd4 Ke6 56. f3 Kd6 57. g4 f5 0-1

[Event "48. Torneo Villa de Mislata"]
[Site "Mislata ESP"]
[Date "2014.08.16"]
[Round "8.7"]
[White "Sanchez Barbado, Carlos"]
[Black "Mingarro Carceller, Sergi"]
[Result "0-1"]
[WhiteElo "2249"]
[BlackElo "2233"]
[PlyCount "44"]
[EventDate "2014.08.11"]
[EventType "swiss"]
[EventRounds "9"]
[EventCountry "ESP"]
[Source "lmi"]
[SourceDate "2014.08.11"]

1. e4 e6 2. d4 d5 3. Nd2 Nf6 4. e5 Nfd7 5. c3 c5 6. Bd3 Nc6 7. Ngf3 g6 8. h4 h6
9. Bc2 b6 10. O-O g5 11. Ba4 Bb7 12. h5 g4 13. Nh2 cxd4 14. cxd4 Nxd4 15. Nxg4
b5 16. Ne4 dxe4 17. Qxd4 bxa4 18. Qxa4 Bg7 19. Rd1 Bd5 20. Be3 Kf8 21. Rac1
Nxe5 22. Bc5+ Kg8 0-1

[Event "48. Torneo Villa de Mislata"]
[Site "Mislata ESP"]
[Date "2014.08.16"]
[Round "8.8"]
[White "Ribera Cebolla, Marc"]
[Black "Montalban Galvez, Antoni"]
[Result "1-0"]
[WhiteElo "2059"]
[BlackElo "2203"]
[PlyCount "49"]
[EventDate "2014.08.11"]
[EventType "swiss"]
[EventRounds "9"]
[EventCountry "ESP"]
[Source "lmi"]
[SourceDate "2014.08.11"]

1. e4 c5 2. Nf3 Nc6 3. d4 cxd4 4. Nxd4 e6 5. Nc3 Qc7 6. Be3 Nf6 7. f3 a6 8. Qd2
Ne5 9. Nb3 b5 10. O-O-O Bb4 11. Bd4 O-O 12. Qg5 Bd6 13. Kb1 h6 14. Qe3 Be7 15.
f4 Nc4 16. Bxc4 bxc4 17. Bb6 Qb8 18. Na5 Ng4 19. Qd4 Qxf4 20. Nxc4 f6 21. Nd5
exd5 22. Qxd5+ Kh8 23. Qxa8 Nxh2 24. Qd5 Ng4 25. Nd6 1-0

[Event "48. Torneo Villa de Mislata"]
[Site "Mislata ESP"]
[Date "2014.08.16"]
[Round "8.9"]
[White "Redondo Flores, David"]
[Black "Castella Garcia, Fausto"]
[Result "1/2-1/2"]
[WhiteElo "1983"]
[BlackElo "2335"]
[PlyCount "83"]
[EventDate "2014.08.11"]
[EventType "swiss"]
[EventRounds "9"]
[EventCountry "ESP"]
[Source "lmi"]
[SourceDate "2014.08.11"]

1. e4 c5 2. Nf3 e6 3. d4 cxd4 4. Nxd4 a6 5. Bd3 Nc6 6. Nxc6 dxc6 7. O-O e5 8.
Nd2 Ne7 9. Nc4 Ng6 10. a4 Bc5 11. Qh5 O-O 12. Nxe5 Qa5 13. Bd2 Bxf2+ 14. Rxf2
Qxe5 15. Qxe5 Nxe5 16. Be2 Be6 17. Bc3 f6 18. Bxe5 fxe5 19. a5 Rfd8 20. Bf1 Rd4
21. Bd3 c5 22. b3 Bxb3 23. cxb3 Rxd3 24. Rc1 Rc8 25. Rfc2 Rxb3 26. Rxc5 Rxc5
27. Rxc5 Rb5 28. Rc7 Rb4 29. Kf2 Rxe4 30. Rxb7 Ra4 31. Rb8+ Kf7 32. Rb7+ Kf6
33. Rb6+ Kf5 34. Rxa6 Ra2+ 35. Kf3 Ra3+ 36. Kf2 g6 37. Ra8 Kf4 38. g3+ Kg4 39.
a6 Ra2+ 40. Kg1 Kh3 41. Rh8 Rxh2 42. Rxh7+ 1/2-1/2

[Event "48. Torneo Villa de Mislata"]
[Site "Mislata ESP"]
[Date "2014.08.16"]
[Round "8.10"]
[White "Calvo Alfonso, Vicente"]
[Black "Gimenez Menchon, Cesar"]
[Result "0-1"]
[WhiteElo "2151"]
[BlackElo "2132"]
[PlyCount "56"]
[EventDate "2014.08.11"]
[EventType "swiss"]
[EventRounds "9"]
[EventCountry "ESP"]
[Source "lmi"]
[SourceDate "2014.08.11"]

1. d4 e6 2. c4 Nf6 3. Nc3 Bb4 4. Qc2 c5 5. dxc5 Bxc5 6. Nf3 Nc6 7. a3 a6 8. Bg5
h6 9. Bh4 g5 10. Bg3 g4 11. Nd2 Nd4 12. Qc1 d5 13. e3 Nf5 14. b4 Nxg3 15. hxg3
Ba7 16. cxd5 exd5 17. Qb2 d4 18. exd4 Bxd4 19. Nb3 Be5 20. Qd2 Qxd2+ 21. Kxd2
Be6 22. Re1 O-O-O+ 23. Kc2 Bf5+ 24. Kb2 Ne4 25. Rxe4 Bxe4 26. Nc5 Rd2+ 27. Kb3
Bc2+ 28. Kc4 Rd4# 0-1

[Event "48. Torneo Villa de Mislata"]
[Site "Mislata ESP"]
[Date "2014.08.16"]
[Round "8.11"]
[White "Uran Bermudez, Oliver Kevin"]
[Black "Jordan Arenas, Manuel"]
[Result "1-0"]
[WhiteElo "2130"]
[BlackElo "2148"]
[PlyCount "90"]
[EventDate "2014.08.11"]
[EventType "swiss"]
[EventRounds "9"]
[EventCountry "ESP"]
[Source "lmi"]
[SourceDate "2014.08.11"]

1. e4 e5 2. Nf3 Nc6 3. Bb5 d6 4. O-O Bd7 5. c3 Nf6 6. Re1 Be7 7. d3 O-O 8. Nbd2
Ne8 9. Nf1 g6 10. Bh6 Ng7 11. d4 Bg4 12. Bxc6 bxc6 13. dxe5 Re8 14. exd6 cxd6
15. Be3 Bf8 16. h3 Bd7 17. Qd3 Qc7 18. Ng3 a5 19. Rad1 Red8 20. Bg5 Rdb8 21.
Rd2 Ne6 22. Be3 f6 23. h4 Be8 24. Ne2 Bf7 25. Ra1 Rd8 26. c4 Nc5 27. Qc2 Qe7
28. Ng3 Re8 29. Bxc5 dxc5 30. Re1 Bh6 31. Rd3 Bf4 32. b3 Rad8 33. Rxd8 Rxd8 34.
Qc3 Bc7 35. e5 fxe5 36. Ne4 Be6 37. Nxe5 Qxh4 38. g3 Qh6 39. Nxc6 Rf8 40. Nf6+
Kf7 41. Ne5+ Ke7 42. Nd5+ Kd6 43. Nf7+ Rxf7 44. Qe5+ Kd7 45. Qxe6+ Kd8 1-0

[Event "48. Torneo Villa de Mislata"]
[Site "Mislata ESP"]
[Date "2014.08.16"]
[Round "8.12"]
[White "Ferrer Moreno, Jose"]
[Black "Gonzalez Aguirre, Luis"]
[Result "1-0"]
[WhiteElo "2135"]
[BlackElo "2118"]
[PlyCount "139"]
[EventDate "2014.08.11"]
[EventType "swiss"]
[EventRounds "9"]
[EventCountry "ESP"]
[Source "lmi"]
[SourceDate "2014.08.11"]

1. d4 d5 2. Nf3 Nf6 3. c4 e6 4. Nc3 Be7 5. Bg5 O-O 6. e3 h6 7. Bh4 Ne4 8. Bxe7
Qxe7 9. Qc2 Nxc3 10. bxc3 c5 11. cxd5 exd5 12. Be2 Nd7 13. O-O b6 14. Rfe1 Bb7
15. a4 Qd6 16. Rab1 cxd4 17. cxd4 Rac8 18. Qd2 Rc7 19. a5 Rfc8 20. axb6 axb6
21. Rec1 Qa3 22. Rxc7 Rxc7 23. g3 Ba6 24. Bxa6 Qxa6 25. Qb2 Qc8 26. Kg2 Rc2 27.
Qb5 Nf6 28. Qxb6 Ng4 29. Qb8 Nxe3+ 30. Kh1 Rc1+ 31. Ng1 Nf5 32. Qxc8+ Rxc8 33.
Nf3 Rc3 34. Kg2 Rc4 35. Rb8+ Kh7 36. Ne5 Rxd4 37. Nxf7 Re4 38. Rd8 Re7 39. Nd6
Nxd6 40. Rxd6 Re5 41. h4 h5 42. Kf3 g6 43. Kf4 Re4+ 44. Kf3 Re5 45. Rd7+ Kh6
46. g4 hxg4+ 47. Kxg4 Re4+ 48. f4 Rd4 49. Rd6 Kh7 50. Kg5 Rd1 51. Rd7+ Kg8 52.
Kxg6 Rg1+ 53. Kf6 Rg4 54. f5 Rxh4 55. Rd8+ Kh7 56. Rxd5 Rh6+ 57. Kf7 Ra6 58.
Rd7 Kh6 59. f6 Kg5 60. Rd5+ Kh6 61. Re5 Ra8 62. Re1 Ra7+ 63. Re7 Ra6 64. Re6
Ra7+ 65. Kf8 Ra8+ 66. Re8 Ra7 67. f7 Kh7 68. Rd8 Kg6 69. Rd6+ Kh7 70. Ke8 1-0

[Event "48. Torneo Villa de Mislata"]
[Site "Mislata ESP"]
[Date "2014.08.16"]
[Round "8.13"]
[White "Cabero Feliciano, Guillermo"]
[Black "Nieves Cabanes, Jose Manuel"]
[Result "1-0"]
[WhiteElo "2090"]
[BlackElo "2091"]
[PlyCount "95"]
[EventDate "2014.08.11"]
[EventType "swiss"]
[EventRounds "9"]
[EventCountry "ESP"]
[Source "lmi"]
[SourceDate "2014.08.11"]

1. g3 Nf6 2. Bg2 d5 3. Nf3 Bf5 4. c4 c6 5. d4 e6 6. O-O Nbd7 7. b3 h6 8. Bb2
Bd6 9. Ne5 Qc7 10. f4 Ne4 11. Nxd7 Qxd7 12. Nd2 Nxd2 13. Qxd2 h5 14. Rae1 h4
15. g4 Bxg4 16. e4 dxe4 17. Bxe4 O-O-O 18. Qa5 Kb8 19. b4 Rh5 20. c5 Bc7 21.
Qa3 Bf5 22. Bf3 Rhh8 23. Qe3 Rhg8 24. Kh1 f6 25. Rg1 Qf7 26. a4 Qe8 27. Qb3
Bxf4 28. b5 cxb5 29. axb5 e5 30. Ra1 e4 31. Qa3 exf3 32. Qxa7+ Kc8 33. c6 Qf7
34. cxb7+ Qxb7 35. Rgc1+ Bc7 36. Rxc7+ Qxc7 37. Rc1 Bc2 38. Qa8+ Kd7 39. Qd5+
Kc8 40. Qa8+ Kd7 41. Qd5+ Qd6 42. Qb7+ Ke6 43. Rxc2 f2 44. Re2+ Kf5 45. Qe4+
Kg5 46. Bc1+ Kh5 47. Qh7+ Kg4 48. Qg6+ 1-0

[Event "48. Torneo Villa de Mislata"]
[Site "Mislata ESP"]
[Date "2014.08.16"]
[Round "8.14"]
[White "Garcia Martin, Marta"]
[Black "Galiana Fernandez, Adrian"]
[Result "1/2-1/2"]
[WhiteElo "1929"]
[BlackElo "1889"]
[PlyCount "44"]
[EventDate "2014.08.11"]
[EventType "swiss"]
[EventRounds "9"]
[EventCountry "ESP"]
[Source "lmi"]
[SourceDate "2014.08.11"]

1. e4 c5 2. c3 Nf6 3. e5 Nd5 4. d4 cxd4 5. cxd4 e6 6. Nf3 b6 7. Bd3 Ba6 8. Bxa6
Nxa6 9. O-O Be7 10. Nc3 Nac7 11. Qd3 O-O 12. Bd2 f5 13. exf6 Nxf6 14. Ne5 Rc8
15. Rac1 Ncd5 16. Nxd5 Nxd5 17. Qa6 Bd6 18. g3 Bxe5 19. dxe5 Rc7 20. Qa4 Qb8
21. Rxc7 Qxc7 22. Qe4 Qc5 1/2-1/2

[Event "48. Torneo Villa de Mislata"]
[Site "Mislata ESP"]
[Date "2014.08.16"]
[Round "8.15"]
[White "Gonzalvez Perales, Jose Luis"]
[Black "Romero Calduch, Sergio"]
[Result "0-1"]
[WhiteElo "2012"]
[BlackElo "2104"]
[PlyCount "90"]
[EventDate "2014.08.11"]
[EventType "swiss"]
[EventRounds "9"]
[EventCountry "ESP"]
[Source "lmi"]
[SourceDate "2014.08.11"]

1. e4 e6 2. d4 d5 3. Bd3 dxe4 4. Bxe4 Nf6 5. Bf3 c5 6. Ne2 Nc6 7. Be3 cxd4 8.
Nxd4 Ne5 9. O-O Nxf3+ 10. Nxf3 Qxd1 11. Rxd1 b5 12. Nc3 a6 13. Rd3 Bb7 14. Rad1
Bxf3 15. gxf3 Be7 16. a4 b4 17. Ne4 Nd5 18. Bc5 Rc8 19. Bxe7 Kxe7 20. c3 f5 21.
Ng3 bxc3 22. bxc3 g6 23. Ne2 Rc4 24. Rd4 Rhc8 25. Rxc4 Rxc4 26. Rd4 Rc5 27. Rd3
Rc4 28. Rd4 Rxd4 29. cxd4 Kd6 30. f4 Kc6 31. Nc1 Nc3 32. a5 Kd5 33. Kg2 Kxd4
34. Kf3 Kc5 35. h4 Nb5 36. Ke3 Nd4 37. Nd3+ Kc4 38. f3 Nc6 39. Ne5+ Nxe5 40.
fxe5 Kd5 41. f4 Kc4 42. Kf2 Kd3 43. Kf3 Kd4 44. Kf2 Ke4 45. Kg3 h5 0-1

[Event "48. Torneo Villa de Mislata"]
[Site "Mislata ESP"]
[Date "2014.08.16"]
[Round "8.16"]
[White "Garrido Olivares, Ricard"]
[Black "Guillem Mora, Carlos"]
[Result "1-0"]
[WhiteElo "2228"]
[BlackElo "1951"]
[PlyCount "111"]
[EventDate "2014.08.11"]
[EventType "swiss"]
[EventRounds "9"]
[EventCountry "ESP"]
[Source "lmi"]
[SourceDate "2014.08.11"]

1. c4 Nf6 2. g3 c5 3. Bg2 Nc6 4. Nc3 g6 5. Nf3 d5 6. cxd5 Nxd5 7. Nxd5 Qxd5 8.
O-O Bg7 9. d3 O-O 10. Be3 Qd6 11. Rc1 Nd4 12. Nxd4 cxd4 13. Bf4 e5 14. Bd2 Be6
15. Qa4 Rfd8 16. Rc2 Bd7 17. Qb3 Rab8 18. Bb4 Qa6 19. Qa3 Qxa3 20. Bxa3 Bf8 21.
Bxf8 Kxf8 22. Rc7 Be6 23. Bxb7 Rd6 24. b3 Rb6 25. Bc6 Rc8 26. Rxc8+ Bxc8 27.
Rc1 Be6 28. Ba4 Rb7 29. Kf1 Ke7 30. Ke1 f5 31. Kd2 Kf6 32. e3 dxe3+ 33. fxe3
Kg5 34. Bc6 Rb6 35. Bf3 Rd6 36. Rc6 Rxc6 37. h4+ Kh6 38. Bxc6 g5 39. d4 gxh4
40. gxh4 exd4 41. exd4 f4 42. d5 Bg4 43. d6 Kh5 44. Bf3 Bxf3 45. d7 Kxh4 46.
d8=Q+ Kg3 47. Qg8+ Bg4 48. Qxh7 f3 49. Ke3 Kg2 50. Qf7 a5 51. Qf4 Kh3 52. a3
Kh4 53. b4 axb4 54. axb4 Kh3 55. b5 Kh4 56. Kf2 1-0